Historia de la conquista de las siete islas de Gran Canaria / (Record no. 167406)

MARC details
000 -LEADER
campo de control de longitud fija 00700nam a22001935i 4500
001 - NÚMERO DE CONTROL
campo de control 167406
003 - IDENTIFICADOR DE NÚMERO DE CONTROL
campo de control ES-MaACL
005 - FECHA Y HORA DE LA ÚLTIMA TRANSACCIÓN
campo de control 20230906213523.0
008 - DATOS DE LONGITUD FIJA--INFORMACIÓN GENERAL
campo de control de longitud fija 150908s1848 sp a |||| | spa d
100 1# - ENTRADA PRINCIPAL--NOMBRE DE PERSONA
Nombre de persona Abreu Galindo, Juan de,
9 (RLIN) 157867
245 10 - MENCIÓN DEL TÍTULO
Título Historia de la conquista de las siete islas de Gran Canaria /
Mención de responsabilidad, etc. escrita por el reverendo padre fray Juan de Abreu Galindo.
260 ## - PUBLICACIÓN, DISTRIBUCIÓN, ETC.
Lugar de publicación, distribución, etc. Santa Cruz de Tenerife :
Nombre del editor, distribuidor, etc. Imp., Litogr. y Librería Isleña,
Fecha de publicación, distribución, etc. 1848.
300 ## - DESCRIPCIÓN FÍSICA
Extensión II, 229 p. :
Otras características físicas il. ;
Dimensiones 21 cm.
490 1# - MENCIÓN DE SERIE
Mención de serie Biblioteca isleña
651 #4 - PUNTO DE ACCESO ADICIONAL DE MATERIA--NOMBRE GEOGRÁFICO
Nombre geográfico Canarias-
Subdivisión general Historia-
Subdivisión cronológica Hasta S.XV.
9 (RLIN) 147371
830 0# - PUNTO DE ACCESO ADICIONAL DE SERIE-TÍTULO UNIFORME
Título uniforme Biblioteca isleña
9 (RLIN) 183694
852 ## - LOCALIZACIÓN
Ubicación ES-MaACL
Número de control de estantería G-11538(4)
Holdings
Estatus retirado Estado de pérdida Estado de daño No para préstamo Colección Biblioteca de origen Biblioteca actual Ubicación en estantería Fecha de adquisición Fuente de adquisición Total de préstamos Signatura topográfica completa Código de barras Visto por última vez Precio de reemplazo Tipo de ítem Koha
        Libros del s. XIX Biblioteca del Ateneo de Madrid Biblioteca del Ateneo de Madrid Sala Pecera Planta 3 08/10/2015     G-11538(4) 1194231 23/02/2023 23/02/2023 Libro impreso antiguo